000 00868nam a2200265 i 4500
001 10644
003 ES-MaACL
005 20260310172336.0
007 t|
008 950925s1995 sp ||||1| spa d
020 _a84-481-0179-0
080 _a316
100 1 _aRitzer, George.
_997497
245 1 0 _aTeoría sociológica contemporánea /
_cGeorge Ritzer ; traducción, María Teresa Casado Rodríguez ; revisión técnica, Amparo Almarcha Barbado.
250 _a[3ª ed.].
260 _aMadrid [etc.] :
_bMcGraw-Hill,
_cD.L. 1995.
300 _aXXIII, 680 p. :
_bil. ;
_c24 cm.
500 _aIndice.
504 _aBibliografía : p. 613-657.
650 7 _aSociología
_2embne
_917195
700 1 _aCasado Rodríguez, María Teresa.
_936027
700 0 _aAlmarcha Barbado, Amparo
_920097
852 _aES-MaACL
_jL-18006
_bR.123963
999 _c10644
_d10644